000 00467nam a2200145Ia 4500
008 220216s9999 xx 000 0 und d
100 _aPanikkar A O N
245 0 _aWood anatomy of Hevea brasiliensis
260 _bIn: Abstracts of papers: International Rubber Conference, 23-28 November 1980, Rubber Research Institute of India, Kottayam, India
650 _aIndia
650 _aWood anatomy
700 _aDeshpande B D
700 _aPremakumari D
942 _cBO
999 _c48261
_d48261